| Tag |
First Indicator |
Second Indicator |
Subfields |
| LEADER |
00000cam a2200000 a 4500 |
| 001 |
in00002653213 |
| 005 |
20211120161105.0 |
| 006 |
m d f |
| 007 |
cr mn||||||||| |
| 008 |
110303s2010 vaua obt f000 0 eng c |
| 035 |
|
|
|a (OCoLC)ocn704910697
|
| 040 |
|
|
|a GPO
|c GPO
|d MvI
|d UtOrBLW
|
| 042 |
|
|
|a pcc
|
| 049 |
|
|
|a WWW
|
| 074 |
|
|
|a 0830-D (online)
|
| 086 |
0 |
|
|a NAS 1.15:2010-216721
|
| 100 |
1 |
|
|a Reeder, James R.
|
| 245 |
1 |
2 |
|a A critique of a phenomenological fiber breakage model for stress rupture of composite materials /
|c James R. Reeder.
|
| 264 |
|
1 |
|a Hampton, Va. :
|b National Aeronautics and Space Administration, Langley Research Center,
|c [2010]
|
| 300 |
|
|
|a 1 online resource (21 pages) :
|b illustrations
|
| 336 |
|
|
|a text
|b txt
|2 rdacontent
|
| 337 |
|
|
|a computer
|b c
|2 rdamedia
|
| 338 |
|
|
|a online resource
|b cr
|2 rdacarrier
|
| 490 |
1 |
|
|a NASA/TM ;
|v 2010-216721
|
| 500 |
|
|
|a Title from title screen (viewed on March 3, 2011).
|
| 500 |
|
|
|a "July 2010."
|
| 504 |
|
|
|a Includes bibliographical references (page 21).
|
| 536 |
|
|
|h 869021.03.07.02.01
|
| 500 |
|
|
|a Electronic resource.
|
| 650 |
|
7 |
|a Composite materials.
|2 nasat
|
| 650 |
|
7 |
|a Composite wrapping.
|2 nasat
|
| 650 |
|
7 |
|a Failure modes.
|2 nasat
|
| 650 |
|
7 |
|a Loads (Forces)
|2 nasat
|
| 650 |
|
7 |
|a Pressure vessels.
|2 nasat
|
| 650 |
|
7 |
|a Proving.
|2 nasat
|
| 650 |
|
7 |
|a Composite structures.
|2 nasat
|
| 710 |
2 |
|
|a Langley Research Center.
|
| 830 |
|
0 |
|a NASA technical memorandum ;
|v 216721.
|
| 856 |
4 |
0 |
|u https://purl.fdlp.gov/GPO/gpo4611
|t 0
|
| 999 |
|
|
|a MARS
|
| 999 |
f |
f |
|s fa97f2a2-53c6-380d-b49d-6d579530f4a2
|i 6b356745-9c44-3faa-9ca6-d48743a27549
|t 0
|
| 952 |
f |
f |
|a Texas A&M University
|b College Station
|c Electronic Resources
|d Available Online
|t 0
|e NAS 1.15:2010-216721
|h Superintendent of Documents classification
|
| 998 |
f |
f |
|a NAS 1.15:2010-216721
|t 0
|l Available Online
|